[Event "Budapest FS08 FM-B"]
[Site "Budapest"]
[Date "2005.08.15"]
[Round "10"]
[White "Shwarchbard, Zvi"]
[Black "Shanmugam, Ravindran"]
[Result "0-1"]
[WhiteElo "2000"]
[BlackElo "2046"]
[PlyCount "54"]
[EventDate "2005.08.06"]
[EventType "tourn"]
[EventRounds "11"]
[EventCountry "HUN"]
[SourceTitle "CBM 107 Extra"]
[Source "ChessBase"]
[SourceDate "2005.09.01"]
[SourceVersion "1"]
[SourceVersionDate "2005.09.01"]
[SourceQuality "1"]

1. e4 e5 2. Nf3 Nc6 3. d4 exd4 4. Bc4 Nf6 5. e5 d5 6. Bb5 Nd7 7. Bxc6 bxc6 8. Qxd4 Ba6 9. Bg5 f6 10. exf6 gxf6 11. Kd1 Kf7 12. Nc3 Bg7 13. Bd2 Re8 14. Qa4 Bb7 15. Qh4 Kg8 16. Nd4 Ne5 17. Nf5 Qd7 18. Nh6+ Bxh6 19. Bxh6 Qg4+ 20. Qxg4+ Nxg4 21. Be3 d4 22. h3 Nxe3+ 23. fxe3 dxc3 24. Ke2 Ba6+ 25. Kf2 cxb2 26. Rab1 Rab8 27. Rhd1 Bc4 0-1

[Event "Budapest FS08 FM-B"]
[Site "Budapest"]
[Date "2005.08.13"]
[Round "8"]
[White "Shwarchbard, Zvi"]
[Black "Gras, Delphine"]
[Result "0-1"]
[WhiteElo "2000"]
[BlackElo "1982"]
[PlyCount "122"]
[EventDate "2005.08.06"]
[EventType "tourn"]
[EventRounds "11"]
[EventCountry "HUN"]
[SourceTitle "CBM 107 Extra"]
[Source "ChessBase"]
[SourceDate "2005.09.01"]
[SourceVersion "1"]
[SourceVersionDate "2005.09.01"]
[SourceQuality "1"]

1. e4 c6 2. d4 d5 3. f3 e6 4. Bd3 Nf6 5. e5 Nfd7 6. f4 c5 7. c3 Nc6 8. Nf3 Qb6 9. Be2 Be7 10. b3 cxd4 11. cxd4 Bb4+ 12. Kf2 0-0 13. a3 Be7 14. Nc3 f6 15. Na4 Qc7 16. Bb2 fxe5 17. fxe5 a6 18. b4 b5 19. Nc5 Nb6 20. Rf1 Nc4 21. Bc1 N6xe5 22. dxe5 Qxe5 23. Ra2 Qxh2 24. Bxc4 Bh4+ 25. Ke3 Qf4+ 26. Ke2 Qxc4+ 27. Qd3 Qxa2+ 28. Bd2 Be7 29. Rh1 Qc4 30. Nb3 Qxd3+ 31. Kxd3 Bd6 32. Re1 Bd7 33. Bc3 Rae8 34. Bd4 e5 35. Nxe5 Bf5+ 36. Kd2 Bxe5 37. Rxe5 Rxe5 38. Bxe5 Be4 39. Nc5 Bxg2 40. Nxa6 Ra8 41. Nc7 Rxa3 42. Nxb5 Ra2+ 43. Ke3 Kf7 44. Nd4 g5 45. b5 Ra3+ 46. Kf2 Bh3 47. b6 Bc8 48. Bc7 h5 49. Nb5 Ra2+ 50. Ke3 Ba6 51. Nc3 Ra3 52. Kd4 Rxc3 53. Kxc3 Ke6 54. Kd4 Bb7 55. Ke3 Kf5 56. Bd8 h4 57. Be7 Kg4 58. Bf6 h3 59. Be5 d4+ 60. Kxd4 Kf3 61. Kd3 g4 0-1

[Event "Budapest FS08 FM-B"]
[Site "Budapest"]
[Date "2005.08.06"]
[Round "1"]
[White "Schuetz, Peter"]
[Black "Shwarchbard, Zvi"]
[Result "0-1"]
[WhiteElo "1969"]
[BlackElo "2000"]
[PlyCount "110"]
[EventDate "2005.08.06"]
[EventType "tourn"]
[EventRounds "11"]
[EventCountry "HUN"]
[SourceTitle "CBM 107 Extra"]
[Source "ChessBase"]
[SourceDate "2005.09.01"]
[SourceVersion "1"]
[SourceVersionDate "2005.09.01"]
[SourceQuality "1"]

1. e4 e5 2. Nf3 Nc6 3. Nc3 g6 4. Bc4 Bg7 5. d3 Nge7 6. Bg5 h6 7. Be3 d6 8. a3 a6 9. h3 Bd7 10. Qd2 Qc8 11. Nd5 Nxd5 12. Bxd5 Ne7 13. d4 Nxd5 14. exd5 e4 15. Ng1 Qd8 16. c4 f5 17. h4 Qf6 18. Ne2 b5 19. cxb5 axb5 20. Rc1 Qd8 21. Qc3 Ra7 22. Nf4 Kf7 23. Qb3 Bf6 24. Ne6 Qb8 25. Rc6 Rb7 26. Bd2 Qa7 27. 0-0 Bxe6 28. dxe6+ Kg7 29. d5 g5 30. Bc3 Rf8 31. Bxf6+ Kxf6 32. Qc3+ Kg6 33. Rc1 gxh4 34. Rxc7 Rxc7 35. Qxc7 Qxc7 36. Rxc7 Kf6 37. Rb7 Ke5 38. Rxb5 f4 39. Kf1 Rg8 40. e7 Re8 41. a4 Rxe7 42. a5 Rg7 43. a6 f3 44. Rb3 fxg2+ 45. Kg1 Kxd5 46. Ra3 Ra7 47. Kxg2 Kc6 48. Rh3 Rxa6 49. Rxh4 Kd5 50. Rh5+ Kd4 51. Rxh6 Rb6 52. Kf1 Kd5 53. Rh5+ Kc4 54. f3 exf3 55. Rh2 Kd4 0-1